Statistiken für Filmrolle zu Schauspieler/in (4)

Klicken Sie hier um das Quiz zu spielen!

Allgemein

  • Dieses Quiz wurde 407 mal gespielt
  • Das Durchschnittsergebnis liegt bei 7 aus 15

Antwortstatistiken

RolleRolleRolleRolleSchauspieler/in% Korrekt
ThorJames HuntEric, der HuntsmanKevin BeckmanChris Hemsworth
80%
Jack ReacherEthan HuntLt. Pete „Maverick“ MitchellNick MortonTom Cruise
73%
Lieutenant Aldo RaineBenjamin ButtonJohn SmithAchillesBrad Pitt
69%
Charlie GoodsonSean „Topper“ HarleyCharlie HarperZane ZaminskiCharlie Sheen
65%
Steve Rogers/Captain AmericaLucas LeeJohnny Storm / Human TorchNick VaughanChris Evans
64%
Nick WalkerWade Wilson/DeadpoolMichael BryceHal Jordan/Green LanternRyan Reynolds
64%
Professor Dr. Henry JonesAllan QuatermainJim MaloneJames BondSean Connery
59%
Randle Patrick McMurphyPräsident James DaleDer JokerJack TorranceJack Nicholson
39%
KaeciliusDuncan Vizla / Black KaiserLe ChiffreDr. Hannibal LecterMads Mikkelsen
39%
Nelson MandelaHeimdallKrall / Capt. Balthazar EdisonDCI John LutherIdris Elba
36%
William WallaceKurt MayronMartin RiggsBenjamin MartinMel Gibson
31%
Shannon MullinsMolly Flynn-BiggsSusan CooperTammyMelissa McCarthy
31%
The Bowery KingPerry WhiteGus MancusoMorpheusLaurence Fishburn
28%
Al CaponeJimmy ConwayFred Blake / Giovanni ManzoniJack ByrnesRobert De Niro
28%
Nancy CallahanSusan Storm / Invisible WomanMarissa WilsonJane BullardJessica Alba
27%

Verteilung der Resultate

Perzentil nach korrekt beantworteten Fragen

Anzahl Personen mit jedem Resultat

Ihre Resultats-Entwicklung

Sie haben dieses Quiz noch nicht gespielt